• 首页
  • 本馆介绍
  • 公告通知
  • 最新文献
  • 馆藏检索
  • 电子资源
  • 读者导购
  • 参考咨询
  • 我的图书馆
  • 登录
  • 详细信息显示
  • 放入我的书架
  • 预约/预借图书
  • 作者相关作品
  • 分类相关作品
  • 丛书相关作品
  • 出版社相关作品

书目信息

  • 表格格式
  • 工作单格式
  • 卡片格式
书名: Logic for mathematicians
作者: A. G. Hamilton.
分册号:
分册名:
出版地: Cambridge [Eng.] ;
 
出版社: Cambridge University Press
出版时间: 1978.
页数: viii, 224 p. :
开本: 23 cm.
丛书名:
中图分类号:
科图分类号:
其他分类号: O141:H31
主题词:
电子资源:
000 00851cam 2200289 i 45
001 E0733708396
003 OCoLC
005 20070228092406.90
008 991101s1978 enka b 001 0 eng
010    @a 77084802 //r85
020    @a0521218381 :@cCNY1.30.
020    @a0521292913 (pbk.).
040    @aDLC@cDLC
050 00 @aQA9@b.H298
082    @a511/.3
090    @aP114/W5
090    @aO141:H31
099    @dO141:H31@ex45
100 1  @aHamilton, A. G.,@d1943-
245 10 @aLogic for mathematicians / @cA. G. Hamilton.
260    @aCambridge [Eng.] ;@aNew York :@bCambridge University Press,@c1978.
300    @aviii, 224 p. :@bill. ;@c23 cm.
500    @aIncludes index.
504    @aBibliography: p. [215]
650  0 @aLogic, Symbolic and mathematical.
905    @a82-01610@bLib
920    @a232010@z2
    
    Logic for mathematicians / / A. G. Hamilton.-Cambridge [Eng.] ; ; New York : : Cambridge University Press, , 1978.
    viii, 224 p. : : ill. ; ; 23 cm.
    Includes index.-Bibliography: p. [215]
    
    ISBN 0521218381 :CNY1.30.
    
●
相关链接 在E读中查询图书 在五车中查询图书 在当当中查询图书 在豆瓣中查询图书


正题名:Logic for mathematicians     索取号:O141:H31/x45         预约/预借

序号 登录号 条形码 馆藏地/架位号 状态 备注
1 60421   000454289   第四借阅区/ [索取号:O141:H31/x45] 在馆    
2 60422   000453618   第四借阅区/ [索取号:O141:H31/x45] 在馆    
唐山师范学院图书馆 欢迎您!
大连网信软件有限公司© 版权所有